Snake Species - Statistics

General Stats
  • This quiz has been taken 106 times
  • The average score is 6 of 12
Answer Stats
Picture Answer % Correct
King Cobra
97%
Black Mamba
88%
Burmese Python
81%
Corn Snake
60%
Boa Constrictor
51%
Emerald Tree Boa
50%
Garter Snake
50%
Inland Taipan
44%
Pit Viper
40%
Water Snake
40%
Grass Snake
23%
Common Krait
15%
No matching quizzes found
Score Distribution
Percent of People with Each Score
Percentile by Number Answered
Your Score History
You have not taken this quiz